[Event "Wch U14"]
[Site "Khanty-Mansiysk"]
[Date "2016.09.29"]
[Round "7"]
[White "Nielsen, Andre"]
[Black "Emanuel, Yahav"]
[Result "1-0"]
[WhiteElo "2025"]
[BlackElo "2014"]
[PlyCount "79"]
[EventDate "2016.09.22"]
[EventType "swiss"]
[EventRounds "11"]
[EventCountry "RUS"]
[SourceTitle "EXT 2017"]
[Source "ChessBase"]
[SourceDate "2016.10.25"]
[SourceVersion "1"]
[SourceVersionDate "2016.10.25"]
[SourceQuality "1"]

1. e4 e5 2. Nf3 Nc6 3. Bb5 a6 4. Ba4 Nf6 5. 0-0 Be7 6. Re1 b5 7. Bb3 d6 8. c3 0-0 9. h3 Nb8 10. d4 Nbd7 11. Bc2 Bb7 12. Nbd2 Re8 13. b3 Bf8 14. Bb2 g6 15. a4 c6 16. Nf1 exd4 17. cxd4 d5 18. e5 Nh5 19. Ne3 b4 20. Qd2 Ng7 21. Ng4 Ne6 22. Nh6+ Kg7 23. h4 Be7 24. Ng4 Kg8 25. h5 a5 26. hxg6 hxg6 27. g3 Bg5 28. Nxg5 Qxg5 29. Qd1 c5 30. Kg2 cxd4 31. Bc1 Qd8 32. Nh6+ Kf8 33. Qf3 Qe7 34. Bxg6 d3 35. Nf5 Ng5 36. Rh1 Qxe5 37. Bxg5 d4 38. Qxb7 fxg6 39. Qxd7 gxf5 40. Rae1 1-0

[Event "Wch U14"]
[Site "Khanty-Mansiysk"]
[Date "2016.09.26"]
[Round "5"]
[White "Varbanov, Vladimir"]
[Black "Emanuel, Yahav"]
[Result "0-1"]
[WhiteElo "1794"]
[BlackElo "2014"]
[PlyCount "76"]
[EventDate "2016.09.22"]
[EventType "swiss"]
[EventRounds "11"]
[EventCountry "RUS"]
[SourceTitle "EXT 2017"]
[Source "ChessBase"]
[SourceDate "2016.10.25"]
[SourceVersion "1"]
[SourceVersionDate "2016.10.25"]
[SourceQuality "1"]

1. d4 Nf6 2. c4 e6 3. Nc3 Bb4 4. e3 c5 5. Nge2 b6 6. a3 Ba5 7. Rb1 Na6 8. g3 Bb7 9. d5 exd5 10. Bg2 Rb8 11. cxd5 0-0 12. 0-0 d6 13. e4 Re8 14. Qa4 Bc8 15. Bg5 Kf8 16. f4 Qd7 17. Qxd7 Bxd7 18. e5 Ng4 19. Ne4 dxe5 20. Nd6 f6 21. Nxe8 Rxe8 22. fxe5 Rxe5 23. Nf4 Rxg5 24. Ne6+ Bxe6 25. dxe6 Ne3 26. Rf4 Nxg2 27. Kxg2 Re5 28. Rd1 Rxe6 29. Rd8+ Re8 30. Rxe8+ Kxe8 31. Kf3 b5 32. Ke4 Bc7 33. Rh4 h6 34. Kd5 Kd7 35. Rg4 g5 36. Re4 Bd6 37. Re3 f5 38. Rf3 Nc7# 0-1

[Event "Wch U14"]
[Site "Khanty-Mansiysk"]
[Date "2016.09.25"]
[Round "4"]
[White "Emanuel, Yahav"]
[Black "Ivic, Velimir"]
[Result "0-1"]
[WhiteElo "2014"]
[BlackElo "2264"]
[PlyCount "54"]
[EventDate "2016.09.22"]
[EventType "swiss"]
[EventRounds "11"]
[EventCountry "RUS"]
[SourceTitle "EXT 2017"]
[Source "ChessBase"]
[SourceDate "2016.10.25"]
[SourceVersion "1"]
[SourceVersionDate "2016.10.25"]
[SourceQuality "1"]

1. e4 c5 2. Nf3 Nc6 3. d4 cxd4 4. Nxd4 Nf6 5. Nc3 d6 6. Bc4 e6 7. Be3 a6 8. Qe2 Bd7 9. 0-0-0 Qc7 10. Bb3 b5 11. g4 b4 12. g5 bxc3 13. gxf6 cxb2+ 14. Kb1 gxf6 15. Qh5 Nxd4 16. Bxd4 a5 17. a4 Rb8 18. Rhg1 Bc6 19. Bxf6 Bxe4 20. Rge1 Qc6 21. Rd4 Bg6 22. Qh3 d5 23. Bxh8 Bb4 24. Rxb4 Rxb4 25. Bxb2 d4 26. Ba3 Bxc2+ 27. Ka1 Rxb3 0-1

[Event "Wch U14"]
[Site "Khanty-Mansiysk"]
[Date "2016.09.23"]
[Round "2"]
[White "Emanuel, Yahav"]
[Black "Ajigulov, Nurmat"]
[Result "1-0"]
[WhiteElo "2014"]
[BlackElo "1626"]
[PlyCount "43"]
[EventDate "2016.09.22"]
[EventType "swiss"]
[EventRounds "11"]
[EventCountry "RUS"]
[SourceTitle "EXT 2017"]
[Source "ChessBase"]
[SourceDate "2016.10.25"]
[SourceVersion "1"]
[SourceVersionDate "2016.10.25"]
[SourceQuality "1"]

1. e4 e5 2. Bc4 Nf6 3. d3 d6 4. Nc3 Be7 5. Nge2 0-0 6. 0-0 Be6 7. Ng3 d5 8. Bb3 d4 9. Nce2 Bxb3 10. cxb3 Nfd7 11. f4 exf4 12. Nf5 c5 13. Nxf4 Ne5 14. Nd5 Nbc6 15. Qh5 Ng6 16. Nfxe7+ Ngxe7 17. Bg5 f6 18. Bxf6 gxf6 19. Nxf6+ Rxf6 20. Rxf6 Qc7 21. Raf1 Rf8 22. Rxf8+ 1-0